000
00226nam a2200085 4500
001
1254897
005
20251128140325.0
245
_a
ELEKTRİK,MIKNATIS,SES VE KALDIRMA KUVVETİ
_c
POPÜLER BİLİM KİTAPLARI
260
_b
İLETİŞİM
999
_c
1254897
_d
1254897